Central Library OPAC University of Rajshahi

Australian party politics / (Record no. 36460)

MARC details
000 -LEADER
fixed length control field 00914cam a22002891 4500
001 - CONTROL NUMBER
control field 36460
003 - CONTROL NUMBER IDENTIFIER
rucl marc code BD-RjUL
005 - DATE AND TIME OF LATEST TRANSACTION
control field 20211209052505.0
008 - FIXED-LENGTH DATA ELEMENTS--GENERAL INFORMATION
fixed length control field 140624s1968 1964 at b 001 0 eng
020 ## - INTERNATIONAL STANDARD BOOK NUMBER
International Standard Book Number 0522839223
035 ## - SYSTEM CONTROL NUMBER
System control number (BD-RjUL)36560
System control number (BD-RjUL)36560
040 ## - CATALOGING SOURCE
Original cataloging agency DLC
Transcribing agency ODaWU
Modifying agency OCoLC
-- Uk
-- DLC
Language of cataloging eng
041 ## - LANGUAGE CODE
Language code of text/sound track or separate title eng
082 ## - DEWEY DECIMAL CLASSIFICATION NUMBER
Classification number 324.294
Author mark and year JUA 1968
100 1# - MAIN ENTRY--PERSONAL NAME
Personal name Jupp, James.
9 (RLIN) 111002
245 10 - TITLE STATEMENT
Title Australian party politics /
260 ## - PUBLICATION, DISTRIBUTION, ETC. (IMPRINT)
Place of publication, distribution, etc. [Melbourne]
Name of publisher, distributor, etc. Melbourne University Press;
Place of publication, distribution, etc. New York,
Name of publisher, distributor, etc. Cambridge University Press
Date of publication, distribution, etc. 1964 [Reprinted 1968]
300 ## - PHYSICAL DESCRIPTION
Pagination ix, 235 p. ;
Size 22 cm.
504 ## - BIBLIOGRAPHY, ETC. NOTE
Bibliography, etc Bibliographical footnotes.
650 #0 - SUBJECT ADDED ENTRY--TOPICAL TERM
Topical term or geographic name as entry element Political parties
Geographic subdivision Australia.
9 (RLIN) 111003
651 #0 - SUBJECT ADDED ENTRY--GEOGRAPHIC NAME
Geographic name Australia
General subdivision Politics and government.
9 (RLIN) 111004
Geographic name Australia
General subdivision Politics and government
Chronological subdivision 1945-
9 (RLIN) 111005
942 ## - ADDED ENTRY ELEMENTS (KOHA)
Source of classification or shelving scheme Dewey Decimal Classification
Koha item type Books
Holdings
Lost status Source of classification or shelving scheme Damaged status Not for loan Collection code Permanent Location Current Location Shelving location Date acquired Source of acquisition Total Checkouts Full call number Date last seen Copy number Koha item type
  Dewey Decimal Classification   Not For Loan Non-fiction Central Library, University of Rajshahi Central Library, University of Rajshahi Reading Room 02/06/1975 Zeitlinger   324.294 JUA 1968 24/06/2014 C-1 Books